Competencias genéricas proyectadas hacia la formación del profesor en el año 2000

Salvato in:
Dettagli Bibliografici
Autore principale: Ahumada Acevedo, Pedro Antenor (Autore)
Natura: Libro
Lingua:spagnolo
Pubblicazione: Santiago CPU 1992
Serie:Documento de trabajo, 20
Soggetti:
Tags: Aggiungi Tag
Nessun Tag, puoi essere il primo ad aggiungerne!!

MARC

LEADER 00000nam a2200000 a 4500
001 UCY0698
003 CL-VaPUC
008 940810e19920000CL |||||||||||||||||spa|d
082 0 4 |a 370.71  |b AHU  |2 21 
100 0 |a Ahumada Acevedo, Pedro Antenor  |e author  |9 328489 
245 1 0 |a Competencias genéricas proyectadas hacia la formación del profesor en el año 2000 
300 |a 18 h 
942 |c BK 
945 |d 19940810 00:00:00  |a rbrito 
260 |a Santiago  |b CPU  |c 1992 
650 0 |a Formación profesional de profesores  |9 307493 
583 |a last modification  |c 19940810 00:00:00  |k Rodrigo Vera 
490 0 |a Documento de trabajo, 20 
999 |c 229636  |d 229634 
952 |0 0  |1 0  |4 0  |6 370_710000000000000_AHU_1992  |7 0  |8 A  |9 231009  |a BIBEDU  |b BIBEDU  |d 2019-11-15  |i 3002144  |o 370.71 AHU 1992  |p 3002144  |r 2019-11-15  |w 2019-11-15  |y BK  |k EDU